Statistics for Less Vocabulary Words Quiz

Click here to take the quiz!

General Stats

  • This quiz has been taken 28,220 times
    (22,470 since last reset)
  • The average score is 12 of 20

Answer Stats

DefinitionWord% Correct
BaldHairless
99%
DeadLifeless
96%
Needing denturesToothless
89%
Without offspringChildless
87%
BlindSightless
86%
An invertebrate or a cowardSpineless
83%
Continuing foreverEndless
75%
Opposite of overcastCloudless
69%
Stationary; unmovingMotionless
69%
Free from the constraints of gravityWeightless
63%
What heathens areGodless
55%
UnidentifiedNameless
51%
Like an abyssBottomless
48%
What an unbeliever isFaithless
42%
Like steel which is rustproofStainless
37%
SafeHarmless
33%
AnarchicLawless
31%
ImmodestShameless
31%
Not a citizen of any countryStateless
20%
Incapable of trickeryGuileless
19%

Score Distribution

Percentile by Number Answered

Percent of People with Each Score

Your Score History

You have not taken this quiz since the last reset